[Event "HZ Chess Tournament 2022"]
[Site "Vlissingen, Netherlands"]
[Date "2022.08.09"]
[Round "5.1"]
[White "Van den Doel, Erik"]
[Black "Santiago, Yago De Moura"]
[Result "1/2-1/2"]
[WhiteElo "2591"]
[BlackElo "2490"]
[PlyCount "93"]

1. d4 Nf6 2. Nf3 g6 3. Nbd2 d5 4. e3 Bg7 5. b4 a5 6. b5 c5 7. bxc6 Nxc6 8. Be2
Bf5 9. O-O O-O 10. c3 Qc7 11. Ba3 Rfb8 12. c4 e5 13. Nxe5 Nxe5 14. dxe5 Qxe5
15. Nf3 Qc3 16. Bd6 Rd8 17. Rc1 Qb2 18. Be5 Qxa2 19. Nd4 dxc4 20. Rxc4 Qa3 21.
Qe1 Qe7 22. Bc7 Rd5 23. Nxf5 Rxf5 24. Qc1 a4 25. Bb6 a3 26. Bc5 Rxc5 27. Rxc5
a2 28. Rc8+ Rxc8 29. Qxc8+ Ne8 30. Bb5 a1=Q 31. Rxa1 Bxa1 32. Bxe8 Kg7 33. g3
Be5 34. Bd7 Qb4 35. Bg4 b5 36. Bf3 Qe7 37. Qc6 b4 38. Qc4 Bc3 39. Bd5 Qf6 40.
Kg2 Be1 41. Qe2 Bc3 42. h4 h5 43. e4 Bd4 44. f4 Ba7 45. e5 Qb6 46. e6 fxe6 47.
Qxe6 1/2-1/2

[Event "HZ Chess Tournament 2022"]
[Site "Vlissingen, Netherlands"]
[Date "2022.08.09"]
[Round "5.2"]
[White "Ikonnikov, Vyacheslav"]
[Black "Lalith Babu M R"]
[Result "1/2-1/2"]
[WhiteElo "2493"]
[BlackElo "2549"]
[PlyCount "73"]

1. d4 Nf6 2. Nf3 e6 3. c4 b6 4. g3 Ba6 5. b3 Bb4+ 6. Bd2 Be7 7. Bg2 O-O 8. O-O
d5 9. cxd5 exd5 10. Nc3 Re8 11. Re1 Nbd7 12. Nh4 Bb7 13. Nf5 Bf8 14. a3 Ne4 15.
Nxe4 dxe4 16. Qc2 Nf6 17. Qb2 Qd7 18. Ne3 Rad8 19. Bc3 Nd5 20. Nxd5 Bxd5 21.
Bd2 Bd6 22. b4 h5 23. Qc1 Qf5 24. Bf4 e3 25. Bxe3 Bxg2 26. Kxg2 Qe4+ 27. Kg1 h4
28. Bg5 Be7 29. Bxe7 Rxe7 30. Qf4 hxg3 31. hxg3 Qxf4 32. gxf4 Rxd4 33. e3 Rd2
34. Red1 Red7 35. Rxd2 Rxd2 36. Rc1 Rd3 37. Rxc7 1/2-1/2

[Event "HZ Chess Tournament 2022"]
[Site "Vlissingen, Netherlands"]
[Date "2022.08.09"]
[Round "5.3"]
[White "Ponomariov, Ruslan"]
[Black "Royal, Shreyas"]
[Result "1-0"]
[WhiteElo "2642"]
[BlackElo "2375"]
[PlyCount "81"]

1. e4 e5 2. Nf3 Nc6 3. Bb5 a6 4. Ba4 Nf6 5. O-O Be7 6. Re1 b5 7. Bb3 d6 8. a4
b4 9. c3 O-O 10. d3 Rb8 11. Nbd2 Be6 12. Bxe6 fxe6 13. Nc4 bxc3 14. bxc3 Qe8
15. Bd2 Qg6 16. Qe2 Nh5 17. Rab1 Bf6 18. Rxb8 Rxb8 19. g3 Rf8 20. Kg2 Bd8 21.
d4 Bf6 22. dxe5 dxe5 23. Nb2 Nf4+ 24. Bxf4 exf4 25. e5 Bd8 26. Qxa6 Ne7 27. Qd3
Nf5 28. Qc4 fxg3 29. hxg3 h5 30. Nd3 Qf7 31. Qe4 h4 32. g4 h3+ 33. Kxh3 Nd6 34.
exd6 Qxf3+ 35. Kh2 cxd6 36. Qxe6+ Rf7 37. Re3 Qd1 38. Qc8 Rf8 39. Qc4+ Kh7 40.
Rh3+ Kg6 41. Qe6+ 1-0

[Event "HZ Chess Tournament 2022"]
[Site "Vlissingen, Netherlands"]
[Date "2022.08.09"]
[Round "5.4"]
[White "Klepke, Ricardo"]
[Black "Baklan, Vladimir"]
[Result "0-1"]
[WhiteElo "2293"]
[BlackElo "2582"]
[PlyCount "110"]

1. d4 Nf6 2. c4 e6 3. g3 c5 4. d5 d6 5. Nc3 exd5 6. cxd5 g6 7. Bg2 Bg7 8. Nf3
O-O 9. O-O Nbd7 10. Nd2 Nh5 11. Qb3 Qe7 12. e4 Ne5 13. a4 Kh8 14. h3 f5 15.
exf5 gxf5 16. f4 Nd3 17. Kh2 Rg8 18. Nb5 Nxc1 19. Raxc1 a6 20. Na3 b5 21. Rfe1
Qf8 22. Nf1 c4 23. Qc2 Bd7 24. Bf3 Nf6 25. Ne3 Ne4 26. Bxe4 fxe4 27. b3 Bd4 28.
Rcd1 Qh6 29. Qg2 Rxg3 30. Qxg3 Rg8 31. Qxg8+ Kxg8 32. Rxd4 Qxh3+ 33. Kg1 Qg3+
34. Kf1 Qxf4+ 35. Ke2 Qh2+ 36. Kd1 Qb2 37. Nac2 cxb3 38. axb5 axb5 39. Rxe4
bxc2+ 40. Nxc2 Bf5 41. Re8+ Kf7 42. R8e7+ Kf6 43. Rc7 b4 44. Rf1 Kg5 45. Rg1+
Bg4+ 46. Rxg4+ Kxg4 47. Rc4+ Kg3 48. Rxb4 Qc3 49. Rd4 h5 50. Rd2 h4 51. Nd4
Qa1+ 52. Ke2 h3 53. Ke3 Qc3+ 54. Rd3 Qxd3+ 55. Kxd3 h2 0-1

[Event "HZ Chess Tournament 2022"]
[Site "Vlissingen, Netherlands"]
[Date "2022.08.09"]
[Round "5.5"]
[White "Beerdsen, Thomas"]
[Black "De Jong, Tom"]
[Result "1/2-1/2"]
[WhiteElo "2513"]
[BlackElo "2191"]
[PlyCount "61"]

1. e4 e6 2. d4 d5 3. Nc3 dxe4 4. Nxe4 Nd7 5. Nf3 Ngf6 6. Bg5 h6 7. Nxf6+ Nxf6
8. Bxf6 Qxf6 9. Bd3 Bd6 10. Qe2 Bd7 11. O-O O-O-O 12. Be4 g5 13. Rad1 c6 14. g3
h5 15. Qe3 Rdg8 16. Ne5 Be8 17. Rfe1 g4 18. c4 h4 19. Bg2 Rh5 20. c5 Bc7 21. b4
Rgg5 22. Nc4 Qh8 23. b5 hxg3 24. hxg3 Rh2 25. Qxg5 Rxg2+ 26. Kxg2 Qh3+ 27. Kg1
Bxg3 28. Nd6+ Kd7 29. bxc6+ bxc6 30. fxg3 Qxg3+ 31. Kf1 1/2-1/2

[Event "HZ Chess Tournament 2022"]
[Site "Vlissingen, Netherlands"]
[Date "2022.08.09"]
[Round "5.6"]
[White "Jeanne, Mickael"]
[Black "Schoppen, Casper"]
[Result "1/2-1/2"]
[WhiteElo "2145"]
[BlackElo "2507"]
[PlyCount "93"]

1. Nf3 d5 2. d4 Nf6 3. c4 e6 4. Nc3 c6 5. Bg5 h6 6. Bxf6 Qxf6 7. g3 Nd7 8. Bg2
dxc4 9. O-O g6 10. e3 Bg7 11. Nd2 O-O 12. Nxc4 Qe7 13. a4 Rd8 14. Qb3 Rb8 15.
Rfd1 h5 16. a5 e5 17. d5 cxd5 18. Nxd5 Qf8 19. Qa3 Nc5 20. b4 Ne6 21. b5 Nc5
22. b6 axb6 23. Ncxb6 Be6 24. Rac1 Na6 25. Qb3 Rd6 26. Nc4 Rdd8 27. Ncb6 Rd6
28. Nc4 Rc6 29. Ncb6 Rxc1 30. Rxc1 Qd6 31. Qb5 Kh8 32. Nc4 Qd8 33. Ncb6 Kg8 34.
h4 Qd6 35. Nc4 Qd8 36. Ncb6 Kh7 37. Kh2 f5 38. e4 Qd6 39. Nc4 Qc5 40. Qxc5 Nxc5
41. exf5 Bxf5 42. Nxe5 Ne6 43. f4 Ra8 44. Ra1 Nc5 45. Nc7 Rc8 46. Nb5 Rd8 47.
Ra2 1/2-1/2

[Event "HZ Chess Tournament 2022"]
[Site "Vlissingen, Netherlands"]
[Date "2022.08.09"]
[Round "5.7"]
[White "Vrolijk, Liam"]
[Black "Sorbe, Stephane"]
[Result "1-0"]
[WhiteElo "2464"]
[BlackElo "2353"]
[PlyCount "129"]

1. Nf3 d5 2. g3 Nf6 3. Bg2 c6 4. O-O Bf5 5. d3 e6 6. c4 Be7 7. Qb3 Qb6 8. Be3
Qxb3 9. axb3 a6 10. Bd2 Nbd7 11. Bc3 O-O 12. Nbd2 c5 13. d4 Ne4 14. cxd5 exd5
15. dxc5 Bxc5 16. b4 Bb6 17. Nxe4 Bxe4 18. Rfd1 Nf6 19. Bd4 Bxd4 20. Nxd4 Bxg2
21. Kxg2 g6 22. Ra5 Rfc8 23. b3 Rab8 24. b5 axb5 25. Rxb5 b6 26. Ra1 Rc5 27.
Ra6 Rxb5 28. Nxb5 Ne4 29. Ra7 Rc8 30. f3 Nc5 31. b4 Ne6 32. Rxf7 Rc4 33. Re7
Rxb4 34. Nc3 Nd4 35. Nxd5 Rb2 36. Kf2 b5 37. Re4 Nc2 38. Ne3 Na3 39. Rd4 b4 40.
Nc4 Rc2 41. Na5 Nb5 42. Rxb4 Nc3 43. Rb8+ Kf7 44. Rb7+ Kf6 45. Rxh7 Rxe2+ 46.
Kf1 Ra2 47. Nc4 Nb5 48. Ke1 Nd4 49. Nd2 Ke6 50. Rb7 g5 51. Rb8 Ke5 52. Re8+ Kf6
53. Re4 Nf5 54. Ke2 Ra1 55. Rb4 Ra2 56. Kd3 Ra3+ 57. Rb3 Ra6 58. Nc4 Ra2 59.
Rb2 Ra8 60. Rb6+ Kg7 61. Ne5 Ne7 62. Re6 Ra3+ 63. Ke2 Ra7 64. Kf2 Kh7 65. Nf7
1-0

[Event "HZ Chess Tournament 2022"]
[Site "Vlissingen, Netherlands"]
[Date "2022.08.09"]
[Round "5.8"]
[White "Grutter, Tim"]
[Black "Van Delft, Merijn"]
[Result "1-0"]
[WhiteElo "2246"]
[BlackElo "2380"]
[PlyCount "81"]

1. e4 c5 2. Nf3 d6 3. d4 cxd4 4. Nxd4 Nf6 5. Nc3 a6 6. g3 e5 7. Nb3 Be7 8. Bg2
O-O 9. O-O a5 10. a4 Bg4 11. Bf3 Be6 12. Re1 Na6 13. Nd2 Nb4 14. Nf1 Rc8 15.
Ne3 Re8 16. Bg2 Bf8 17. Re2 Qb6 18. Ncd5 Nfxd5 19. exd5 Bd7 20. b3 Qd4 21. Ba3
b5 22. axb5 Bxb5 23. c4 Bd7 24. Bxb4 axb4 25. Rea2 Qb6 26. Ra7 Rc7 27. Rxc7
Qxc7 28. Qd2 Rb8 29. Ra6 g6 30. Qa2 f5 31. Ra7 Rb7 32. Rxb7 Qxb7 33. Qa5 Bh6
34. Nc2 Bd2 35. c5 dxc5 36. Qd8+ Kf7 37. d6 e4 38. Qe7+ Kg8 39. Bf1 Bc3 40.
Bc4+ Kh8 41. Qf8# 1-0

[Event "HZ Chess Tournament 2022"]
[Site "Vlissingen, Netherlands"]
[Date "2022.08.09"]
[Round "5.10"]
[White "Wilgenhof, Otto"]
[Black "Leenhouts, Koen"]
[Result "0-1"]
[WhiteElo "2170"]
[BlackElo "2442"]
[PlyCount "74"]

1. d4 Nf6 2. Nf3 g6 3. c4 Bg7 4. Nc3 d5 5. cxd5 Nxd5 6. Qb3 Nxc3 7. bxc3 c5 8.
e4 cxd4 9. cxd4 Nc6 10. Rb1 O-O 11. d5 Na5 12. Qa3 f5 13. Bd2 b6 14. Bxa5 bxa5
15. Bc4 Qd6 16. Qxd6 exd6 17. e5 dxe5 18. d6+ Kh8 19. Ng5 Bf6 20. Bd5 Ba6 21.
Bxa8 Rxa8 22. Ne6 Bc4 23. Nc7 Rd8 24. Rc1 Bxa2 25. O-O e4 26. Rc6 a4 27. Nb5
Bd5 28. Rc7 a6 29. Nc3 Bb3 30. d7 Kg7 31. Rc1 a3 32. Rb7 Bc4 33. Rb4 Bf7 34.
Ra4 Bxc3 35. Rxc3 Rxd7 36. Rc1 a2 37. Rxa6 Rb7 0-1

[Event "HZ Chess Tournament 2022"]
[Site "Vlissingen, Netherlands"]
[Date "2022.08.09"]
[Round "5.11"]
[White "Bui, Bao Anh Le"]
[Black "Dhulipalla Bala Chandra Pr"]
[Result "1/2-1/2"]
[WhiteElo "2159"]
[BlackElo "2431"]
[PlyCount "42"]

1. e4 e5 2. Nf3 Nc6 3. Bc4 Nf6 4. d3 Be7 5. O-O O-O 6. Nc3 d6 7. a4 Bg4 8. h3
Bxf3 9. Qxf3 Nd4 10. Qd1 c6 11. Ne2 d5 12. Nxd4 exd4 13. exd5 Nxd5 14. Qf3 Bb4
15. Qg4 Nb6 16. Bb3 a5 17. Bf4 Qf6 18. Bg5 Qd6 19. Bf4 Qd7 20. Be5 Qxg4 21.
hxg4 Bc5 1/2-1/2

[Event "HZ Chess Tournament 2022"]
[Site "Vlissingen, Netherlands"]
[Date "2022.08.09"]
[Round "5.12"]
[White "Pham, Khoi"]
[Black "Zevenhuizen, Daniel"]
[Result "1-0"]
[WhiteElo "2376"]
[BlackElo "2168"]
[PlyCount "95"]

1. e4 d6 2. d4 Nf6 3. Nc3 g6 4. Bg5 Bg7 5. Qd2 O-O 6. O-O-O c6 7. h4 b5 8. f3
Nbd7 9. h5 e5 10. hxg6 fxg6 11. dxe5 Nxe5 12. Qxd6 Qxd6 13. Rxd6 b4 14. Bxf6
Bxf6 15. Na4 Be7 16. Rd1 Be6 17. b3 Rad8 18. Bd3 c5 19. Nb2 a5 20. Ne2 a4 21.
Nc4 Nxd3+ 22. Rxd3 axb3 23. axb3 Ra8 24. Kd2 Ra2 25. g3 Rb8 26. Nc1 Ra1 27. Rd1
Kg7 28. Ke3 h5 29. Ne2 Ra2 30. R1d2 h4 31. gxh4 Bxh4 32. f4 Re8 33. Kf3 Ra7 34.
Rd6 Rae7 35. Ne5 g5 36. Nc6 g4+ 37. Kg2 Rc7 38. f5 Bc8 39. Rg6+ Kf7 40. Rxg4
Bf6 41. Na5 Rg8 42. Rxg8 Kxg8 43. Kf3 Rh7 44. Nf4 Kf7 45. Nc4 Be7 46. Nd6+ Bxd6
47. Rxd6 Rh2 48. Rc6 1-0

[Event "HZ Chess Tournament 2022"]
[Site "Vlissingen, Netherlands"]
[Date "2022.08.09"]
[Round "5.13"]
[White "Seul, Georg"]
[Black "Kools, Thomas"]
[Result "1/2-1/2"]
[WhiteElo "2363"]
[BlackElo "2135"]
[PlyCount "126"]

1. e4 c5 2. Nf3 e6 3. Nc3 a6 4. g3 b5 5. Bg2 Bb7 6. d4 cxd4 7. Nxd4 Nf6 8. a3
Qc7 9. O-O d6 10. Re1 Be7 11. a4 bxa4 12. Rxa4 Nbd7 13. Nb3 Rb8 14. Qe2 O-O 15.
Rc4 Qd8 16. Be3 Re8 17. Rd1 Ne5 18. Ra4 Qc7 19. h3 Bf8 20. f4 Nc6 21. Qf2 Nd7
22. Kh2 Bc8 23. Bf1 Nb6 24. Raa1 Nb4 25. Na5 Rd8 26. Rd2 Be7 27. Rad1 h6 28.
Ra1 d5 29. e5 Nc4 30. Nxc4 dxc4 31. Rxd8+ Bxd8 32. Bc5 Qc6 33. Bg2 Qe8 34. Ba7
Rb7 35. Bxb7 Bxb7 36. Bc5 a5 37. Rd1 Bc7 38. Bb6 Qc6 39. Bxc7 Qxc7 40. Nb5 Qc6
41. Nd6 Ba8 42. Nxc4 Qe4 43. Nxa5 Kh7 44. Re1 Qd5 45. Nb3 g6 46. Nc5 Kg7 47. c3
Nc6 48. Ne4 Ne7 49. Qd2 Qc6 50. Qd8 Qb7 51. b4 Qa7 52. Qa5 Qb7 53. Ra1 Qxe4 54.
Qxa8 Nd5 55. Qa2 Nxc3 56. Qd2 Nd5 57. b5 h5 58. h4 Ne3 59. b6 Qf3 60. Rg1 Ng4+
61. Kh3 Nf2+ 62. Kh2 Ng4+ 63. Kh3 Nf2+ 1/2-1/2

[Event "HZ Chess Tournament 2022"]
[Site "Vlissingen, Netherlands"]
[Date "2022.08.09"]
[Round "5.14"]
[White "Bezemer, Arno"]
[Black "Matsumura, Cocoro"]
[Result "1-0"]
[WhiteElo "2278"]
[BlackElo "2148"]
[PlyCount "109"]

1. e4 c5 2. Nf3 d6 3. d4 cxd4 4. Nxd4 Nf6 5. Nc3 a6 6. Rg1 e5 7. Nb3 h5 8. h3
h4 9. g4 hxg3 10. Rxg3 b5 11. Be3 Be6 12. Qf3 Nbd7 13. O-O-O Qc7 14. Nd5 Bxd5
15. exd5 Rc8 16. Qe2 Nh5 17. Rg1 Be7 18. Kb1 a5 19. a3 a4 20. Nc1 f5 21. Nd3 f4
22. Bc1 Ndf6 23. Nb4 Qc4 24. Qf3 Qc5 25. Bd3 Bd8 26. Bf5 Ra8 27. Rg5 Kf8 28.
Bg6 e4 29. Qe2 f3 30. Qe3 Bb6 31. Nc6 Qxe3 32. Bxe3 Bxe3 33. fxe3 Rh6 34. c3 f2
35. Rf1 Kg8 36. Rxf2 Rxg6 37. Rxg6 Nxd5 38. Rxd6 Nxe3 39. Nd4 Nc4 40. Rd5 e3
41. Rh2 Ng3 42. Rg2 Ne4 43. Rd7 g5 44. Ne6 Kh8 45. Nxg5 Nxg5 46. Rxg5 Rf8 47.
Rd4 Nd2+ 48. Kc2 Nf3 49. Rh5+ Kg7 50. Rg4+ Kf6 51. Rf4+ Kg6 52. Rxf8 e2 53. Re8
e1=Q 54. Rxe1 Nxe1+ 55. Kd1 1-0

[Event "HZ Chess Tournament 2022"]
[Site "Vlissingen, Netherlands"]
[Date "2022.08.09"]
[Round "5.15"]
[White "Van der Hagen, Loek"]
[Black "Ollenberger, Roland"]
[Result "0-1"]
[WhiteElo "2135"]
[BlackElo "2256"]
[PlyCount "86"]

1. d4 Nf6 2. c4 e6 3. Nc3 Bb4 4. a3 Bxc3+ 5. bxc3 b6 6. f3 d6 7. e4 Nbd7 8. Bd3
c5 9. Ne2 Qe7 10. O-O h6 11. f4 Bb7 12. Ng3 O-O-O 13. a4 h5 14. e5 Ne8 15. Qe2
f6 16. exd6 Nxd6 17. d5 Rde8 18. Bg6 exd5 19. Bxe8 Qxe8 20. Qxe8+ Rxe8 21. Nxh5
g6 22. Ng3 Nxc4 23. f5 g5 24. Ra2 Ba6 25. Rd1 Nd6 26. Kf2 Bc4 27. Rad2 Kc7 28.
h3 Kc6 29. Re1 Ne5 30. Nh5 Ne4+ 31. Rxe4 dxe4 32. Nxf6 Rf8 33. Nxe4 Nd3+ 34.
Rxd3 Bxd3 35. Nxg5 Rxf5+ 36. Kg3 Bc2 37. h4 Bxa4 38. h5 Bc2 39. Bf4 a5 40. h6
a4 41. c4 Rxf4 42. Kxf4 a3 43. Ne4 Bxe4 0-1

[Event "HZ Chess Tournament 2022"]
[Site "Vlissingen, Netherlands"]
[Date "2022.08.09"]
[Round "5.16"]
[White "Zwirs, Jasper"]
[Black "Laux, Dominik"]
[Result "1/2-1/2"]
[WhiteElo "2105"]
[BlackElo "2245"]
[PlyCount "37"]

1. e4 c5 2. Nf3 d6 3. d4 cxd4 4. Nxd4 Nf6 5. Nc3 a6 6. Bd3 e5 7. Nde2 Be7 8.
O-O O-O 9. Ng3 Be6 10. Nd5 Nxd5 11. exd5 Bxd5 12. Bxh7+ Kxh7 13. Qxd5 Nc6 14.
f4 f5 15. Be3 g6 16. Rad1 Qc7 17. c3 Rac8 18. Kh1 b5 19. Qf3 1/2-1/2

[Event "HZ Chess Tournament 2022"]
[Site "Vlissingen, Netherlands"]
[Date "2022.08.09"]
[Round "5.18"]
[White "Marzano, Carlo"]
[Black "Bruil, Rembrandt"]
[Result "1-0"]
[WhiteElo "2104"]
[BlackElo "2230"]
[PlyCount "195"]

1. d4 Nf6 2. Nf3 e6 3. c4 b6 4. a3 Bb7 5. Nc3 g6 6. Qc2 Bg7 7. e4 d6 8. Be2
Nbd7 9. O-O O-O 10. Be3 Qe7 11. Rab1 c5 12. d5 e5 13. Ne1 Ne8 14. Nd3 Bc8 15.
b4 f5 16. f3 f4 17. Bf2 Ndf6 18. Na4 Nd7 19. Rb2 g5 20. Rfb1 Rf7 21. Qd2 Bf8
22. bxc5 dxc5 23. Qc2 h5 24. Kh1 Rg7 25. Nc3 g4 26. a4 g3 27. Bg1 gxh2 28. Bf2
Qg5 29. Bf1 h4 30. Ne2 Nef6 31. a5 Nh5 32. Qc1 Be7 33. Kxh2 Ng3 34. Ng1 Bd8 35.
Nh3 Qh5 36. Qd1 Qg6 37. Bg1 Bc7 38. Qa4 Nf6 39. Qc6 Nxf1+ 40. Rxf1 Qg3+ 41. Kh1
Rb8 42. Bh2 Qg6 43. d6 Bd8 44. Nxe5 Qe8 45. Qxe8+ Nxe8 46. Nc6 Ra8 47. Bxf4 Be6
48. Nxd8 Rxd8 49. axb6 Rb7 50. e5 axb6 51. Rc1 Ng7 52. Bg5 Rf8 53. Rcb1 Rfb8
54. Be3 Bf5 55. Rd1 Be6 56. Rc1 Bf5 57. Nf4 Ne6 58. Nd5 Kf7 59. Ne7 Bh7 60. f4
Nd4 61. Bxd4 cxd4 62. Nc6 Rc8 63. Nxd4 Bd3 64. c5 Be4 65. Kh2 Rxc5 66. Rxc5
bxc5 67. Rxb7+ Bxb7 68. Nb5 Bc8 69. Kg1 Bf5 70. Kf2 Ke6 71. Nc7+ Kd7 72. Nd5
Ke6 73. Ne3 Be4 74. f5+ Kd7 75. g4 hxg3+ 76. Kxg3 c4 77. Nxc4 Bxf5 78. Kf4 Bh3
79. Ke4 Kc6 80. Kd4 Be6 81. Nd2 Bh3 82. Ne4 Bg4 83. Ng5 Bf5 84. Nf7 Bh3 85. Ng5
Bg4 86. Ne4 Bh3 87. Nf2 Bf5 88. Nd3 Bh3 89. Nb4+ Kb5 90. Nd5 Kc6 91. Ne7+ Kd7
92. Kc5 Ke6 93. Nc6 Bg4 94. Kb6 Bh5 95. Nb4 Bg4 96. Nd3 Bf5 97. Kc7 Bxd3 98. d7
1-0

[Event "HZ Chess Tournament 2022"]
[Site "Vlissingen, Netherlands"]
[Date "2022.08.09"]
[Round "5.19"]
[White "Lefebvre, Herve"]
[Black "Shakhverdian, William"]
[Result "0-1"]
[WhiteElo "2212"]
[BlackElo "2046"]
[PlyCount "70"]

1. e4 e5 2. Nf3 Nc6 3. d4 exd4 4. Nxd4 Nf6 5. Nxc6 bxc6 6. e5 Qe7 7. Qe2 Nd5 8.
h4 a5 9. c4 Ba6 10. Rh3 Nb6 11. b3 O-O-O 12. Bb2 a4 13. Nc3 a3 14. Bc1 Re8 15.
Bf4 f6 16. Re3 Qf7 17. O-O-O Bb4 18. Qc2 fxe5 19. Bxe5 d6 20. Bd4 c5 21. Rf3
Qd7 22. Be3 Bb7 23. Rg3 g6 24. Be2 Qg7 25. Bg4+ Kb8 26. Bd2 Rhf8 27. Be1 h5 28.
Bh3 Qh6+ 29. Rg5 Qh8 30. Rg3 Qf6 31. Rxg6 Qxh4 32. Re6 Rxe6 33. Bxe6 Re8 34. g3
Qf6 35. Bh3 Bf3 0-1

[Event "HZ Chess Tournament 2022"]
[Site "Vlissingen, Netherlands"]
[Date "2022.08.09"]
[Round "5.20"]
[White "Nieuwelink, Kees"]
[Black "Van der Borgt, Peter"]
[Result "1-0"]
[WhiteElo "2200"]
[BlackElo "1959"]
[PlyCount "83"]

1. e4 c5 2. Nf3 Nc6 3. d4 cxd4 4. Nxd4 e5 5. Nb5 a6 6. Nd6+ Bxd6 7. Qxd6 Qf6 8.
Qd1 Nge7 9. Nc3 Qg6 10. Be3 d5 11. Nxd5 Nxd5 12. Qxd5 Be6 13. Qc5 Rc8 14. Bd3
Nd4 15. Qxe5 Nxc2+ 16. Bxc2 Rxc2 17. Bc5 Rxc5 18. Qxc5 Qxe4+ 19. Kf1 Bh3 20.
Rg1 Qd3+ 21. Ke1 Kd7 22. Rd1 Re8+ 23. Qe3 Rxe3+ 24. fxe3 Qxd1+ 25. Kxd1 Be6 26.
a3 h5 27. Ke2 Kd6 28. Rd1+ Ke5 29. Rd4 Bd5 30. g3 g6 31. Kd3 f5 32. Kc3 g5 33.
Kb4 Be4 34. Kc5 h4 35. b4 h3 36. Rd7 Bc6 37. Re7+ Kf6 38. Kd6 f4 39. exf4 gxf4
40. gxf4 Kf5 41. Rf7+ Kg6 42. Rf8 1-0

[Event "HZ Chess Tournament 2022"]
[Site "Vlissingen, Netherlands"]
[Date "2022.08.09"]
[Round "5.21"]
[White "Boeren, Jurriaan"]
[Black "Van der Kaap, Jos"]
[Result "0-1"]
[WhiteElo "1840"]
[BlackElo "2187"]
[PlyCount "88"]

1. e4 c5 2. Nf3 Nc6 3. d4 cxd4 4. Nxd4 e5 5. Nb5 d6 6. N1c3 a6 7. Na3 Be7 8.
Nc4 b5 9. Ne3 Nf6 10. Ned5 O-O 11. Be2 Nd4 12. Be3 Nxe2 13. Qxe2 Be6 14. Rd1
Nxd5 15. Nxd5 Bxd5 16. Rxd5 Qa5+ 17. c3 Qxa2 18. O-O f5 19. Bc1 Rac8 20. Rfd1
Rxc3 21. Qd2 Rc7 22. exf5 Rfc8 23. Rd3 b4 24. g4 Qb1 25. Rxd6 Bxd6 26. Qd5+ Rf7
27. Be3 Qxb2 28. g5 Qc2 29. Qxd6 Qxf5 30. Qxb4 Rb7 31. Qa4 Qe6 32. Qe4 Rb5 33.
f3 Rcb8 34. Ba7 Rc8 35. Bf2 Qg6 36. Qe3 Rb1 37. Rxb1 Qxb1+ 38. Kg2 Qb2 39. Kh3
Qc3 40. Qe4 Rf8 41. Bg3 Qxf3 42. Qc4+ Kh8 43. Qxa6 e4 44. g6 Qf5+ 0-1

[Event "HZ Chess Tournament 2022"]
[Site "Vlissingen, Netherlands"]
[Date "2022.08.09"]
[Round "5.22"]
[White "Honkoop, Gilian"]
[Black "Lacrosse, Marc"]
[Result "1/2-1/2"]
[WhiteElo "2184"]
[BlackElo "2023"]
[PlyCount "111"]

1. d4 d5 2. Nf3 Nf6 3. c4 e6 4. g3 Be7 5. Bg2 O-O 6. O-O dxc4 7. Qc2 a6 8. a4
Bd7 9. Qxc4 Bc6 10. Bf4 Nbd7 11. Nc3 Rc8 12. Rfe1 Nb6 13. Qb3 Bd5 14. Nxd5 Qxd5
15. Qd3 Qc4 16. Ne5 Qxd3 17. Nxd3 c6 18. Rec1 Rfd8 19. Bd2 Nbd5 20. Ba5 b6 21.
Bd2 c5 22. dxc5 bxc5 23. Ba5 Re8 24. e4 Nb4 25. Bxb4 cxb4 26. e5 Nd5 27. Bxd5
exd5 28. Rxc8 Rxc8 29. Rc1 Rc4 30. b3 Rc3 31. Rxc3 bxc3 32. Kf1 c2 33. Ke2 Bb4
34. Nc1 Bc5 35. f3 Kf8 36. Kd3 Bg1 37. Kxc2 Bxh2 38. Ne2 h5 39. f4 Ke7 40. Kd3
Ke6 41. Ke3 g5 42. Kf3 h4 43. gxh4 gxh4 44. b4 d4 45. Nxd4+ Kd5 46. b5 axb5 47.
axb5 h3 48. Ne2 Kc5 49. Kg4 Bxf4 50. Kxf4 h2 51. Ng3 Kxb5 52. Ke4 Kc5 53. Nh1
Kc4 54. Ng3 Kc5 55. Nh1 Kc4 56. Ng3 1/2-1/2

[Event "HZ Chess Tournament 2022"]
[Site "Vlissingen, Netherlands"]
[Date "2022.08.09"]
[Round "5.23"]
[White "Grochal, Joey"]
[Black "Boulahfa, Hicham"]
[Result "1-0"]
[WhiteElo "2290"]
[BlackElo "2032"]
[PlyCount "57"]

1. d4 d6 2. Bg5 g6 3. Nd2 Bg7 4. c3 Nd7 5. e4 c6 6. a4 Ngf6 7. Bd3 O-O 8. Ngf3
Qc7 9. a5 e5 10. h3 Re8 11. O-O d5 12. Bxf6 Nxf6 13. dxe5 Nxe4 14. Bxe4 dxe4
15. Nxe4 Bxe5 16. Nxe5 Rxe5 17. Nf6+ Kh8 18. Qd4 c5 19. Qh4 h5 20. Qf4 g5 21.
Qf3 Be6 22. Rfe1 h4 23. a6 Rb8 24. axb7 Rf5 25. Qh5+ Kg7 26. Rxe6 Rxf6 27.
Qxg5+ Rg6 28. Rxg6+ fxg6 29. Ra6 1-0

[Event "HZ Chess Tournament 2022"]
[Site "Vlissingen, Netherlands"]
[Date "2022.08.09"]
[Round "5.24"]
[White "Mensing, Adrian"]
[Black "Van Baar, Esper"]
[Result "1-0"]
[WhiteElo "1969"]
[BlackElo "2252"]
[PlyCount "105"]

1. d4 Nf6 2. c4 e6 3. g3 d5 4. Bg2 dxc4 5. Nf3 c6 6. O-O b5 7. Ne5 Bb7 8. a4 a6
9. b3 cxb3 10. Bb2 Qc8 11. Nd2 Nfd7 12. Qxb3 Nb6 13. a5 Na4 14. Ba3 c5 15. d5
f6 16. Qf3 fxe5 17. Qh5+ Kd8 18. Qxe5 Nd7 19. Qxe6 Nf6 20. Qe3 Bd6 21. Qg5 Qg4
22. Ne4 Qxg5 23. Nxg5 Ke7 24. e4 Be5 25. Ra2 Rac8 26. Bh3 Rb8 27. Be6 Rhf8 28.
Kg2 h6 29. Nf3 Bc3 30. Nh4 Rfe8 31. Ng6+ Kd8 32. f3 Kc7 33. Bc1 Bc8 34. Bf4+
Kb7 35. Bf7 Rd8 36. Ne7 Bd7 37. e5 g5 38. e6 gxf4 39. gxf4 Be8 40. Rd1 Bxf7 41.
exf7 Rd7 42. d6 Rf8 43. Ng6 Rfxf7 44. Ne5 Rg7+ 45. Kh3 Bxe5 46. fxe5 Nc3 47.
exf6 Rgf7 48. Re1 Nxa2 49. Re7 c4 50. Kg4 c3 51. Kf5 c2 52. Ke6 c1=Q 53. Rxd7+
1-0

[Event "HZ Chess Tournament 2022"]
[Site "Vlissingen, Netherlands"]
[Date "2022.08.09"]
[Round "5.25"]
[White "Baarslag, Ed"]
[Black "Lichtmannecker, Daniel"]
[Result "1-0"]
[WhiteElo "2172"]
[BlackElo "2031"]
[PlyCount "77"]

1. d4 Nf6 2. Nf3 e6 3. g3 c5 4. Bg2 Nc6 5. O-O Qb6 6. dxc5 Bxc5 7. c4 O-O 8.
Nc3 Qd8 9. e4 d6 10. a3 a5 11. Qe2 e5 12. h3 Be6 13. a4 Qe7 14. Nb5 h6 15. Kh2
Rac8 16. b3 Ne8 17. Nh4 Nd4 18. Nxd4 Bxd4 19. Ra2 g5 20. Nf5 Bxf5 21. exf5 Kg7
22. Rd2 Qd7 23. Be4 Nf6 24. f4 Nxe4 25. Qxe4 f6 26. Re2 Qc6 27. fxg5 hxg5 28.
Qg4 Kf7 29. Ree1 d5 30. Qh5+ Ke7 31. cxd5 Qc2+ 32. Re2 Qxb3 33. Bxg5 fxg5 34.
Qh7+ Rf7 35. f6+ Ke8 36. Qg8+ Kd7 37. Qxf7+ Kd6 38. Qe7+ Kxd5 39. Qf7+ 1-0

[Event "HZ Chess Tournament 2022"]
[Site "Vlissingen, Netherlands"]
[Date "2022.08.09"]
[Round "5.26"]
[White "Ackermann, Frank"]
[Black "Tiggelman, Rene"]
[Result "1/2-1/2"]
[WhiteElo "2012"]
[BlackElo "2165"]
[PlyCount "123"]

1. e4 c6 2. d4 d5 3. e5 c5 4. dxc5 e6 5. Nf3 Bxc5 6. Bd3 Nc6 7. O-O f6 8. Qe2
fxe5 9. Nxe5 Nxe5 10. Qxe5 Nf6 11. Be3 Bd6 12. Bb5+ Kf7 13. Qc3 Rf8 14. Nd2 Kg8
15. Bc5 a6 16. Be2 Bxc5 17. Qxc5 Bd7 18. Qd6 Rc8 19. c4 Qc7 20. Qxc7 Rxc7 21.
Rfe1 Rfc8 22. b3 Be8 23. Bf3 Bf7 24. g3 b5 25. cxd5 exd5 26. b4 d4 27. Bd1 Nd5
28. a3 Nb6 29. Bb3 Nc4 30. Ne4 Rd8 31. a4 Re7 32. axb5 axb5 33. f3 Kf8 34. Kf2
Bd5 35. Nc5 Ne3 36. Bxd5 Rxd5 37. Nd3 Rc7 38. Nc5 Kf7 39. Ra2 Rh5 40. h4 Rd5
41. Rc1 Nc4 42. Nd3 Re7 43. Re1 Rdd7 44. Rxe7+ Rxe7 45. Re2 Ne3 46. Rd2 Nc4 47.
Re2 Ne3 48. Rd2 h5 49. Nf4 Rd7 50. Nxh5 Nc4 51. Rd3 Nb2 52. Rd2 Nc4 53. Rd3 Ne5
54. Rd1 d3 55. Nf4 d2 56. Nh3 Nc4 57. Ng5+ Ke7 58. Ne4 Rd3 59. Ke2 Re3+ 60. Kf2
Rd3 61. Ke2 Re3+ 62. Kf2 1/2-1/2

[Event "HZ Chess Tournament 2022"]
[Site "Vlissingen, Netherlands"]
[Date "2022.08.09"]
[Round "5.27"]
[White "Cordes, Hans-Joerg"]
[Black "Verwoert, Jef"]
[Result "0-1"]
[WhiteElo "2154"]
[BlackElo "1998"]
[PlyCount "72"]

1. b3 e5 2. Bb2 Nc6 3. c4 Nf6 4. e3 Be7 5. a3 O-O 6. Qc2 d5 7. cxd5 Nxd5 8. Nf3
Bf6 9. d3 Be6 10. Nbd2 Nb6 11. Ne4 Nd7 12. Nxf6+ Qxf6 13. Be2 Qe7 14. O-O Rfd8
15. d4 exd4 16. Nxd4 Nxd4 17. Bxd4 c5 18. Bb2 b6 19. Bd3 Nf8 20. e4 Rac8 21. a4
Rc7 22. Rfe1 c4 23. bxc4 Rdc8 24. Qc3 f6 25. e5 f5 26. Ba3 Qf7 27. Bd6 Rc6 28.
c5 bxc5 29. Bb5 Rb6 30. Rec1 a6 31. Be2 Nd7 32. a5 Rbc6 33. Rab1 Nf6 34. Qa3
Ne4 35. Bxc5 Nxc5 36. Rxc5 Rxc5 0-1